Taylor Swift - Devine les chansons par le refrain #8 - Statistiques

Statistiques générales
  • Ce quiz a été pris 175 fois
  • Le résultat moyen est 10 sur 15
Statistiques - réponses
Hint Réponse % Correct
Can I ask you a ***?Did you ever have someone kiss you in a crowded room And every single one of your friends was makin' fun of you But fifteen seconds later, thеy were clappin' too? Then what did you do? Did you lеave her house in the middle of the night? Oh Did you wish you'd put up more of a fight, oh When she said it was too much? Do you wish you could still touch her? It's just a *** Question...?
93%
You're so ***I can't say anything to your face 'Cause look at your face (***) And I'm so furious At you for makin' me feel this way But what can I say? You're *** Gorgeous
89%
"PleaseI've been on my knees Change *** Don't want money Just someone who wants my company Let it once be me Who do I have to speak to About if they can redo ***?" The Prophecy
89%
And that's the thing about ***And clandestine meetings and longing stares It's born from just one single glance But it dies and it dies and it dies A million little times illicit affairs
86%
All that bloodshed, crimson cloverUh-huh, sweet dream was over My hand was the one you reached for All throughout *** Always remember Uh-huh, tears on the lеtter I vowed not to cry anymore If wе survived *** The Great War
80%
I don't wanna look at anything else now that I saw you I don't wanna think of anything else now that I thought of you I've been sleepin' so long in a twenty-year dark night And now I see ***, I only see *** Daylight
79%
Was it over when she laid down on your couch?Was it over when he unbuttoned my blouse? "Come here," I whispered in your ear In your dream as you passеd out, baby Was it over then? And ***? Is It Over Now?
79%
So we could call it evenYou could call me "babe" for the weekend ***, write this down I'm stayin' at my parents' house And the road not taken looks real good now And it always leads to you and my hometown 'tis the damn season
72%
Don't say yes, run away nowI'll meet you when you're out Of the church, at the back door Don't wait or say a single vow You need to hear me out And they said, "***" Speak Now
71%
And who's gonna hold you like me?And who's gonna know you, if not me? I laughed in your face and said "You're not Dylan Thomas, I'm not Patti Smith This ain't the Chelsea Hotel, we'rе modern idiots" And who's gonna hold you like me? The Tortured Poets Department
66%
(Stay) Hey, ***Had me in the palm of your hand, then Why'd you have to go and lock me out when I let you in? (Stay) Hey, now you say you want it back Now that it's just too late, well, could've been easy *** All You Had To Do Was Stay
65%
I've had too much to drink tonightAnd I know it's sad, but this is what I think about And I wake up in the middle of the night It's like I can feel time moving How can a person know everythin' at eighteen But nothin' at twenty-two? And will you still want me When I'm ***? Nothing New
49%
And I never (I never)Saw you comin' And I'll never (I'll never) Be the same State of Grace
35%
Why would you wanna break***? Why would you wanna take Our love and tear it all apart now? Why would you wanna make The very first scar? Why would you wanna break ***? A Perfectly Good Heart
31%
I'm sick and tired of your attitudeI'm feelin' like I don't know you You tell me that you love me, then cut me down And I need you like a heartbeat But you know you got a mean streak Makes me run for cover when you're around Here's to you and your temper Yes, I remember what you said last night And I know that you see what you're doing to me *** Tell Me Why
29%
Aucun quiz correspondant
Distribution des résultats
% des personnes avec chaque résultat
Percentile par nombre de réponses
Votre historique - résultats
Vous n’avez pas pris ce quiz